| 000 | 01106nam a22001337a 4500 | ||
|---|---|---|---|
| 999 |
_c533146 _d533146 |
||
| 008 | 260427b ||||| |||| 00| 0 eng d | ||
| 100 |
_aSen, Sunanda _960259 |
||
| 245 | _aLegacies of Amiya Kumar Bagchi : On questioning the legitimacy of prevailing orthodoxy and its historical antecedents | ||
| 260 | _aEconomic & Political Weekly | ||
| 300 | _a 61(7), Feb 14, 2026: p.37-41 | ||
| 520 | _aCan there be an alternative to the prevailing disruptions which the developing countries today are facing under subordination? The current pattern is linked to the ongoing political alliance between the respective ruling states and the dominating power—both of the global market as well as of finance. A change from the above regime requires instituting a welfare state with developmental goals and a people-oriented class composition of those in charge of administration. These changes are in line with what Amiya Kumar Bagchi had dreamt all his life. –Reproduced https://www.epw.in/journal/2026/7/perspectives/legacies-amiya-kumar-bagchi.html | ||
| 773 | _aEconomic & Political Weekly | ||
| 942 | _cAR | ||